Principios de operaciones unitarias / Alan S.Foust (Registro nro. 24069)

Detalles MARC
000 -LÍDER
fixed length control field 00472nam a2200157 4500
020 ## - NÚMERO INTERNACIONAL NORMALIZADO PARA LIBROS
ISBN SN
050 ## - SIGNATURA TOPOGRAFICA DE LA BIBLIOTECA DEL CONGRESO (LC)
Número de Clasificación TP155.7 F67 1970
082 ## - NUMERO DE CLASIFICACION DECIMAL DEWEY
Número de Clasificación 660.2842 F653p
100 ## - ASIENTO PRINCIPAL--NOMBRE PERSONAL
Nombre personal Foust Alan S.
245 ## - TÍTULO
Título Principios de operaciones unitarias / Alan S.Foust
250 ## - MENCIÓN DE EDICIÓN
Mención de edición 1 / reimp. 1974
260 ## - PUBLICACIÓN, DISTRIBUCIÓN, ETC. (PIE DE IMPRENTA)
Lugar de publicación, distribución, etc. Mexico : Continental
300 ## - DESCRIPCIÓN FÍSICA
Extensión 687 p / 35 cm.
650 ## - ASIENTO SECUNDARIO DE MATERIA - TERMINO TEMÁTICO
Término temático o nombre geográfico como elemento de entrada 1. OPERACIONES UNITARIAS
700 ## - ASIENTO SECUNDARIO - NOMBRE PERSONAL
Nombre personal l. Wenzel Leonard A., ll. Clump Curtis W., lll. Maus Louis,lv.Andersen L. Bryce
Existencias
No. biblioteca No. biblioteca Número de clasificación Código de barras/Número de adquisición Número de copia Tipo de material
LUIS G. INCLAN LUIS G. INCLAN 660.2842 F653p 7617 14 Libros
LUIS G. INCLAN LUIS G. INCLAN 660.2842 F653p 7615 12 Libros
LUIS G. INCLAN LUIS G. INCLAN 660.2842 F653p 7612 4 Libros
LUIS G. INCLAN LUIS G. INCLAN 660.2842 F653p 7616 8 Libros
LUIS G. INCLAN LUIS G. INCLAN 660.2842 F653p 1962 15 Libros
LUIS G. INCLAN LUIS G. INCLAN 660.2842 F653p 7613 5 Libros
LUIS G. INCLAN LUIS G. INCLAN 660.2842 F653p 13387 10 Libros
LUIS G. INCLAN LUIS G. INCLAN 660.2842 F653p 7609 1 Libros
LUIS G. INCLAN LUIS G. INCLAN 660.2842 F653p 7610 2 Libros
Calzada Tecnológico # 27, Zacatepec, Morelos.
01(734) 343-07-23 / 343-21-10 / 343-21-11
Apdo. Postal 45 C.P 62780